LEADER 01118nam2-2200337---450 001 990001223710203316 005 20220426095946.0 035 $a000122371 035 $aUSA01000122371 035 $a(ALEPH)000122371USA01 035 $a000122371 100 $a20031027d1982----km-y0enga50------ba 105 $aaf||z|||001yy 200 1 $a3 : <> Hieron$ePlates$fby Phyllis Williams Lehmann$gwith contributions by Karl Lehmann...[et al.] 210 $aPrinceton$cPrinceton University Press$d1982 215 $aCXVI, [13] p. di tav.$cill.$d31 cm 225 2 $aBollingen Series$v40.3 410 0$12001$aBollingen Series 461 1$1001000112918$12001$aSamothrace 606 0 $aScavi archeologici$ySamotracia 676 $a939.11 702 1$aLEHMANN,$bPhyllis Williams 702 1$aJONES,$bMartin R. 801 0$aIT$bsalbc$gISBD 912 $a990001223710203316 951 $aXI.3.B. 153/3.3a(X B 542 BIS/3 BIS)$b167836 BIS L.M.$cX B$d00097138 951 $aXI.3.B. 153/3.3(X B 542 BIS/3)$b167836 L.M.$cX B$d00085639 959 $aBK 969 $aUMA 996 $aHieron$9977518 997 $aUNISA LEADER 02147nam 2200469 450 001 9910825098103321 005 20221215204501.0 035 $a(CKB)2670000000387692 035 $a(MiAaPQ)EBC3387200 035 $a(Au-PeEL)EBL3387200 035 $a(CaPaEBR)ebr10722204 035 $a(OCoLC)927473331 035 $a(NjHacI)992670000000387692 035 $a(EXLCZ)992670000000387692 100 $a20140227h20052007 uy 0 101 0 $aeng 135 $aurcnu|||||||| 181 $2rdacontent 182 $2rdamedia 183 $2rdacarrier 200 04$aThe annual register$iVolume 246 210 1$aWashington, District of Columbia :$cKeesing's Worldwide,$d2005. 210 4$dİ2007 215 $a1 online resource (666 pages) $cillustrations 225 0 $aAnnual register 300 $aIncludes index. 311 $a1-886994-48-X 320 $aIncludes bibliographical references and index. 327 $aOverviews of the year -- Western and Southern Europe -- Central and Eastern Europe -- Americas and the Caribbean -- Middle East and North Africa -- Equatorial Africa -- Central and Southern Africa -- South Asia and Indian Ocean -- South-east and East Asia -- Australasia and the Pacific -- International organisations -- The international economy -- The sciences -- The law -- Religion -- The arts -- Sport -- Documents and reference -- Obituary -- Chronicle of principal events in 2004. 330 $aProvides a complete and detailed chronicle of historical events from 1758 to the current day. Includes world politics to society weddings, from the latest scientific discoveries to the weather, from the year's best-selling novels to obituaries of authors and other public figures. A new volume is published each year describing the past year's events. 607 $aGreat Britain$xHistory$y21st century$vPeriodicals 607 $aEngland$vPeriodicals 676 $a941.082 702 $aLewis$b D. S. 702 $aSlater$b Wendy 801 0$bMiAaPQ 801 1$bMiAaPQ 801 2$bMiAaPQ 906 $aBOOK 912 $a9910825098103321 996 $aAnnual register$91025332 997 $aUNINA